| 000 | 00920nam a2200241 u 4500 | ||
|---|---|---|---|
| 001 | 000025258 | ||
| 005 | 20200930023650.0 | ||
| 008 | 110211s1977 mx a r 001 0 spa d | ||
| 040 |
_aDO-SdBNP _bspa _cBNPHU |
||
| 041 | 1 | 7 |
_aspa _heng _2Código de idiomas MARC |
| 082 |
_ann* _bnn* |
||
| 100 | 1 |
_aBrandt, John C. _951758 |
|
| 240 | 1 | 4 |
_aThe new astronomy and space science reader. _lEspañol |
| 245 | 1 | 0 |
_aLo nuevo en astronomía / _cJohn C. Brandt y Stephen P. Maran ; traducción de Marco Antonio Valencia Arvizu. |
| 260 |
_aMéxico, D. F. : _bCompañía General de Ediciones, _c1977. |
||
| 300 |
_a468 p. : _bil. ; _c27 cm. |
||
| 534 |
_aTítulo de la obra original en inglés : _tThe new astronomy and space science reader |
||
| 500 | _aIncluye índice. | ||
| 504 | _aBibliografía : [463]-465 p. | ||
| 700 | 1 |
_avalencia Arvizu, Marco Antonio, _etr. _951759 |
|
| 700 | 1 |
_aMaran, Stephen P. _951760 |
|
| 049 | _aBNGR | ||
| 999 |
_c24751 _d24751 |
||